000 00257nam a2200097Ia 4500
001 921424
005 20250826191425.0
008 250824s9999 xx 000 0 und d
245 0 _aDOĞU BATI ARASINDA İSLAM
_cALİYA İZETBEGOVİÇ
260 _bKETEBE YAYINLARI
999 _c921424
_d921424